مكتبة جامعة عجلون الوطنية

فهرس بحث المكتبة

تاريخ مصر الاسلامية وجوانب من حضارتها منذ الفتح الاسلامي حتى نهاية العصر الفاطمي(20-567هـ /640-1171م) (Record no. 31558)

MARC details
000 -LEADER
fixed length control field 00902nam a2200217Ii 4500
003 - CONTROL NUMBER IDENTIFIER
control field JO-AjNU
008 - FIXED-LENGTH DATA ELEMENTS--GENERAL INFORMATION
fixed length control field 230605s9999||||xx |||||||||||||| ||und||
017 ## - COPYRIGHT OR LEGAL DEPOSIT NUMBER
Copyright or legal deposit number 10519
020 ## - INTERNATIONAL STANDARD BOOK NUMBER
International Standard Book Number 977-308-088-9
040 ## - CATALOGING SOURCE
Original cataloging agency JO-AjNU
Language of cataloging ara
Description conventions rda
Transcribing agency JO-AjNU
041 ## - LANGUAGE CODE
Language code of text/sound track or separate title ara
050 14 - LIBRARY OF CONGRESS CALL NUMBER
Classification number DT95
100 3# - MAIN ENTRY--PERSONAL NAME
Personal name القلا، ابراهيم علي السيد,
Relator term author
9 (RLIN) 61874
245 00 - TITLE STATEMENT
Title تاريخ مصر الاسلامية وجوانب من حضارتها منذ الفتح الاسلامي حتى نهاية العصر الفاطمي(20-567هـ /640-1171م)
264 31 - PRODUCTION, PUBLICATION, DISTRIBUTION, MANUFACTURE, AND COPYRIGHT NOTICE
Place of production, publication, distribution, manufacture دسوق: دار العلم والايمان للنشر والتوزيع
300 ## - PHYSICAL DESCRIPTION
Extent 331ص
Other physical details ويحتوي على قائمة مراجع وببلوغرافيا من ص307-ص331
336 ## - CONTENT TYPE
Content type term text
Content type code txt
Source rdacontent
337 ## - MEDIA TYPE
Media type term unmediated
Media type code n
Source rdamedia
338 ## - CARRIER TYPE
Carrier type term volume
Carrier type code nc
Source rdacarrier
650 #4 - SUBJECT ADDED ENTRY--TOPICAL TERM
Topical term or geographic name entry element مصر الاسلامية
9 (RLIN) 61875
Holdings
Withdrawn status Lost status Source of classification or shelving scheme Damaged status Not for loan Home library Current library Shelving location Date acquired Total Checkouts Full call number Barcode Date last seen Price effective from Koha item type
    Library of Congress Classification     مكتبة جامعة عجلون الوطنية مكتبة جامعة عجلون الوطنية المجموعات العامة 06/06/2023   DT95 A27990 06/06/2023 06/06/2023 Books